Facultad de Odontología.  Biblioteca.  Nodo central                      



header.jpg

Carillas sobre técnicas del refractario / (Registro nro. 487)

Detalles MARC
000 -LEADER
campo de control de longitud fija 01092nam a2200217Ia 4500
005 - FECHA Y HORA DE LA ÚLTIMA TRANSACCIÓN
campo de control 20220527183019.0
008 - DATOS DE LONGITUD FIJA--INFORMACIÓN GENERAL
campo de control de longitud fija 220524t{260a}||||xx |||||||||||||| ||spa||
040 ## - FUENTE DE CATALOGACIÓN
Centro catalogador/agencia de origen ODONTO
Lengua de catalogación spa
Centro/agencia transcriptor ODONTO
Centro/agencia modificador ODONTO
082 ## - NÚMERO DE LA CLASIFICACIÓN DECIMAL DEWEY
Número de clasificación DVD 617.690284 M196
100 1# - ENTRADA PRINCIPAL--NOMBRE DE PERSONA
Nombre de persona Magne, Michel
9 (RLIN) 1388
245 #0 - MENCIÓN DEL TÍTULO
Título Carillas sobre técnicas del refractario /
Mención de responsabilidad, etc. Michael Magne. --
260 ## - PUBLICACIÓN, DISTRIBUCIÓN, ETC.
Lugar de publicación, distribución, etc. México :
Nombre del editor, distribuidor, etc. Argoz Dental,
Fecha de publicación, distribución, etc. 2015.
300 ## - DESCRIPCIÓN FÍSICA
Extensión DVD
Otras características físicas Cd-Rom
440 ## - MENCIÓN DE SERIE/PUNTO DE ACCESO ADICIONAL--TÍTULO
Título (Alta técnica dental)
9 (RLIN) 1481
500 ## - NOTA GENERAL
Nota general Título en inglés: Veener over refractory die technique. Subtítulos en español. Duración 103 minutos. Contenido: 1 Sellado del dado y color base con dentinas 2 Cut-back, mamelones y masas secundarias 3 Puntos de contacto y formas internas 4 Colores internos, forma y anatomía superficial 5 Glaze, pulido y textura 6 Recuperado y arenado de la carilla.
650 02 - PUNTO DE ACCESO ADICIONAL DE MATERIA--TÉRMINO DE MATERIA
Término de materia o nombre geográfico como elemento de entrada Modelos dentales
9 (RLIN) 1389
650 02 - PUNTO DE ACCESO ADICIONAL DE MATERIA--TÉRMINO DE MATERIA
Término de materia o nombre geográfico como elemento de entrada Prótesis dental
Subdivisión general Dentaduras postizas
9 (RLIN) 1503
650 02 - PUNTO DE ACCESO ADICIONAL DE MATERIA--TÉRMINO DE MATERIA
Término de materia o nombre geográfico como elemento de entrada Odontología estética
9 (RLIN) 1482
650 02 - PUNTO DE ACCESO ADICIONAL DE MATERIA--TÉRMINO DE MATERIA
Término de materia o nombre geográfico como elemento de entrada Dientes artificiales
9 (RLIN) 1077
942 ## - ELEMENTOS DE ENTRADA SECUNDARIOS (KOHA)
Código de la institución [OBSOLETO] Biblioteca Facultad de Odontología
Tipo de ítem Koha Materiales visuales
Prefijo de la signatura DVD 617.690284 M196
Fuente del sistema de clasificación o colocación Clasificación Decimal Dewey
Existencias
Estatus retirado Estado de pérdida Fuente del sistema de clasificación o colocación Estado de daño No para préstamo Biblioteca de origen Biblioteca actual Ubicación en estantería Fecha de adquisición Fuente de adquisición Coste, precio normal de compra Número de inventario Signatura topográfica completa Código de barras Visto por última vez Precio de reemplazo Tipo de ítem Koha
    Clasificación Decimal Dewey     Biblioteca de la Facultad de Odontología Biblioteca de la Facultad de Odontología Audiovisual 20/02/2017 UpDent 50.00 10-H-s.n. DVD 617.690284 M196 C00001203 24/05/2022 24/05/2022 Materiales visuales